| 000 | 00744cam a22002411 4500 | ||
|---|---|---|---|
| 001 | 30926 | ||
| 003 | BD-RjUL | ||
| 005 | 20211209051633.0 | ||
| 008 | 140412s1954 mnu b 000 0 eng | ||
| 035 | _a(BD-RjUL)31013 | ||
| 040 |
_aDLC _cODaWU _dOCoLC _dOTU _dFBoU _dBD-RjUL _dBD-RjUL _beng |
||
| 041 | _aeng | ||
| 082 |
_a187 _bDEE 1954 |
||
| 100 | 1 |
_aDe Witt, Norman Wentworth, _d1876- _993957 |
|
| 245 | 1 | 0 | _aEpicurus and his philosophy / |
| 260 |
_aMinneapolis : _bUniversity of Minnesota Press , _c1954 |
||
| 300 |
_a388 p. : _c24 cm. |
||
| 504 | _aBibliography: p. 361-362. Bibliographical references included in "Notes" (p. 364-377) | ||
| 600 | 0 | 0 |
_aEpicurus. _993960 |
| 942 |
_2ddc _cBK |
||
| 999 |
_c30926 _d30926 |
||